В лесу прифронтовом : (Record no. 518998)
[ view plain ]
| 000 -LEADER | |
|---|---|
| fixed length control field | 00785nam a22001937a 4500 |
| 003 - CONTROL NUMBER IDENTIFIER | |
| control field | AM-YEHGA |
| 005 - DATE AND TIME OF LATEST TRANSACTION | |
| control field | 20250617164152.0 |
| 008 - FIXED-LENGTH DATA ELEMENTS--GENERAL INFORMATION | |
| fixed length control field | 211029b ||||| |||| 00| 0 rus d |
| 040 ## - CATALOGING SOURCE | |
| Original cataloging agency | AM-YeHGA |
| 041 0# - LANGUAGE CODE | |
| Language code of text/sound track or separate title | rus |
| 001 - CONTROL NUMBER | |
| control field | 1799677 |
| 090 ## - LOCALLY ASSIGNED LC-TYPE CALL NUMBER (OCLC); LOCAL CALL NUMBER (RLIN) | |
| -- | 522559 |
| 100 1# - MAIN ENTRY--PERSONAL NAME | |
| Personal name | Симаков, Сергей Устинович. |
| 245 10 - TITLE STATEMENT | |
| Title | В лесу прифронтовом : |
| Remainder of title | [Докум. повесть о партизанской бригаде им. Н.И. Бусловского] / |
| Statement of responsibility, etc. | С. Симаков |
| 260 ## - PUBLICATION, DISTRIBUTION, ETC. | |
| Place of publication, distribution, etc. | Калуга : |
| Name of publisher, distributor, etc. | Кн. изд-во, |
| Date of publication, distribution, etc. | 1962. |
| 300 ## - PHYSICAL DESCRIPTION | |
| Extent | 190 с., |
| Other physical details | ил. |
| 653 0# - INDEX TERM--UNCONTROLLED | |
| Uncontrolled term | Партизанское движение в Великой Отечественной войне 1941-1945 гг. - Калуж. обл. (х. л.) |
| 942 ## - ADDED ENTRY ELEMENTS (KOHA) | |
| Source of classification or shelving scheme | Universal Decimal Classification |
| Koha item type | Գրքեր / Books |
| Withdrawn status | Lost status | Damaged status | Not for loan | Collection | Home library | Current library | Date acquired | Total checkouts | Full call number | Barcode | Date last seen | Price effective from | Koha item type | Public note |
|---|---|---|---|---|---|---|---|---|---|---|---|---|---|---|
| General | Fundamental Scientific Library | Fundamental Scientific Library | 29/10/2021 | РII/65103 | FL0663295 | 29/10/2021 | 29/10/2021 | Գրքեր / Books | 30 Days Loan |
ՀՀ Գիտությունների ազգային ակադեմիայի հիմնարար գիտական գրադարան = Fundamental Scientific Library of NAS RA
All site content, except where otherwise noted, is licensed under a